| 000 | 00908nam a22003137a 4500 | ||
|---|---|---|---|
| 001 | 00612 | ||
| 003 | DO-SdBPM | ||
| 005 | 20250820123707.0 | ||
| 007 | ta | ||
| 008 | 160701b2004 sp |||| 00| 0 spa d | ||
| 020 | _a8497594037 | ||
| 040 |
_aDO-SdBPM _bspa _cBPMSU _erda |
||
| 082 | 4 |
_a863.6 _bM364u 2004 _222 |
|
| 100 | 1 |
_aMarsé, Juan _eautor |
|
| 245 | 1 | 0 |
_aÚltimas tardes con Teresa : _bcontemporánea / _cJuan Marsé |
| 250 | _a4a ed. | ||
| 264 |
_aBarcelona : _bRandom Hause Mondadori, _c2004 |
||
| 300 |
_a471 páginas : _c19 cm. |
||
| 336 |
_atexto _btxt _2rdacontent |
||
| 337 |
_asin mediación _bn _2rdamedia |
||
| 338 |
_avolumen _bnc _2rdacarrier |
||
| 490 | 0 |
_aDebolsillo, _v158 |
|
| 590 | _aInventardiao, 2025/VM | ||
| 650 | 7 | _a Novela española | |
| 650 | 7 |
_aVida cotidiana _vNovela |
|
| 830 | 0 |
_aDebolsillo _n158 |
|
| 910 | _aVMateo V. Control de calidad. BPMSU | ||
| 942 |
_2ddc _cBK |
||
| 999 |
_c10649 _d10649 |
||